Diversidad de situaciones y universalidad de los derechos

Bibliographic Details
Main Author: Barranco Avilš
Format: eBook
Language:Spanish
Published: Bogot ̀: Dykinson, 2011
Subjects:
Online Access:Acceso restringido

MARC

LEADER 00000nam a22000007a 4500
005 20120222121859.0
007 cr|||| ||||
008 120222s2011 sp |||||s|||| 00||0 spa d
020 |a 978-84-9982-036-1 
035 |a 5839 
040 |a vLex 
090 |c 3020  |d 3020 
100 1 |a  Barranco Avilš,  
245 1 0 |a Diversidad de situaciones y universalidad de los derechos  |h [Recurso electrn̤ico] /  |c M® del Carmen Barranco Avilš  
256 |a Servicio en ln̕ea 
260 |a Bogot ̀:  |b Dykinson,  |c 2011 
300 |a 1 recurso electrn̤ico 
500 |a La idea de derechos humanos surge vinculada a la ideologa̕ del iusnaturalismo racionalista, en cuyas coordenadas se configuran como universales, absolutos e inalienables. En concreto, la universalidad, que tambiň puede referirse a la valides de la teora̕, supone que los derechos corresponden por igual a todas aquellas personas que comportan la comn︢ dignidad humana, valdra̕ decir, corresponden por igual a todos los seres humanos. Sin embargo, la universalidad proclamada en las primeras declaraciones de derecho convive con la idea de que todos los seres humanos estǹ provistos de la misma dignidad. 
506 1 |a Contenido solo disponible en los productos indicados  |d vLex Global   |d vLex Global (Academic Edition, excluding Law Schools)   |d vLex Global (U.S. Academic Edition, Law Schools)   |d vLex Global (U.S. Academic Edition, excluding Law Schools)   |d vLex Global (Academic Edition, Law Schools)  
650 0 4 |a Derecho humanos  |z Colombia 
740 0 |a vLex Libros (Servicio en ln̕ea) 
856 4 0 |u http://vlex.com/source/diversidad-situaciones-universalidad-derechos-5839  |z Acceso restringido 
942 |c BOOK 
999 |a Human rights